[Event "Mistrzostwa Polski Niewidomych"]
[Site "Warszawa"]
[Date "2013.04.30"]
[Round "9"]
[White "Gunajew, Rafal"]
[Black "Migala, Andrzej"]
[Result "1/2-1/2"]
[WhiteElo "2280"]
[BlackElo "2063"]
[Annotator "Admin"]
[PlyCount "60"]
[EventDate "2013.04.22"]
[EventType "tourn"]
[EventRounds "1"]
[EventCountry "POL"]
[SourceDate "2013.04.22"]

1. e4 c5 2. Nf3 d6 3. d4 cxd4 4. Nxd4 Nf6 5. Nc3 a6 6. Bg5 e6 7. f4 Be7 8. Qf3
Qa5 9. O-O-O Bd7 10. Bxf6 Bxf6 11. e5 dxe5 12. fxe5 Bc6 13. Nxc6 Bg5+ 14. Kb1
Nxc6 15. Ne4 Be7 16. Nd6+ Bxd6 17. exd6 Rd8 18. d7+ Rxd7 19. Rxd7 Ne5 20. Re7+
Kd8 21. Rd7+ Ke8 22. Re7+ Kd8 23. Rd7+ Ke8 24. Re7+ Kd8 25. Qe4 f5 26. Qh4 g5
27. Qxg5 Qe1+ 28. Qc1 Qxc1+ 29. Kxc1 Kxe7 30. g3 Rd8 $11 1/2-1/2

[Event "Mistrzostwa Polski Niewidomych"]
[Site "?"]
[Date "2013.04.30"]
[Round "9"]
[White "Kulpinski, Piotr"]
[Black "Wojcieszyn, Zdzislaw"]
[Result "0-1"]
[WhiteElo "2004"]
[BlackElo "1995"]
[PlyCount "112"]
[EventDate "2013.04.30"]
[SourceDate "2013.04.22"]

1. d4 Nf6 2. c4 e5 3. d5 Bb4+ 4. Bd2 Qe7 5. a3 Bxd2+ 6. Nxd2 d6 7. e4 a5 8. Bd3
O-O 9. Ne2 Nbd7 10. O-O Nc5 11. Bc2 a4 12. Nc3 Bd7 13. b4 axb3 14. Nxb3 Nxb3
15. Bxb3 Ra5 16. a4 Rfa8 17. Qe2 Be8 18. Nb5 Bxb5 19. cxb5 Nd7 20. Bc2 Nc5 21.
Qc4 b6 22. Ra3 Qe8 23. Rfa1 f6 24. Qe2 Qd7 25. Qh5 Qf7 26. Qg4 Qd7 27. Qh4 g5
28. Qh5 Qf7 29. Qg4 Qd7 30. Qg3 Kg7 31. Qe3 Qg4 32. f3 Qd7 33. Qf2 Kh8 34. Qg3
h6 35. Kf1 Kh7 36. Ke2 Nxa4 37. Rc1 Qxb5+ 38. Bd3 Qd7 39. Qh3 Qxh3 40. Rxc7+
Kg6 41. gxh3 Nc5 42. Rc3 b5 43. Rc6 b4 44. Rc1 Ra2+ 45. Ke3 R2a3 46. Rd1 Rc3
47. Rxd6 Raa3 48. Rc6 Rxd3+ 49. Rxd3 Rxd3+ 50. Ke2 Rc3 51. d6 Ne6 52. Rb6 Rc4
53. d7 Nf4+ 54. Kf2 Rd4 55. d8=Q Rxd8 56. Rxb4 Nd3+ 0-1

[Event "Mistrzostwa Polski Niewidomych"]
[Site "Warszawa"]
[Date "2013.04.30"]
[Round "9"]
[White "Pawelec, Bartosz"]
[Black "Stachanczyk, Jacek"]
[Result "0-1"]
[WhiteElo "2023"]
[BlackElo "2241"]
[Annotator "Admin"]
[PlyCount "90"]
[EventDate "2013.04.22"]
[EventType "tourn"]
[EventRounds "1"]
[EventCountry "POL"]
[SourceDate "2013.04.22"]

1. e4 c5 2. c3 Nf6 3. e5 Nd5 4. d4 cxd4 5. Nf3 Nc6 6. cxd4 d6 7. Bc4 Nb6 8. Bb5
dxe5 9. Nxe5 Bd7 10. Nxd7 Qxd7 11. Nc3 e6 12. O-O Be7 13. Qg4 O-O 14. Bxc6 Qxc6
15. Bh6 Bf6 16. Rfd1 Qd7 17. Ne4 Qe7 18. Rd3 Rfc8 19. Rad1 g6 20. Rh3 Nd5 21.
Nxf6+ Qxf6 22. Bg5 Qf5 23. Qxf5 exf5 24. Rb3 f6 25. Bd2 b6 26. Rb5 Rd8 27. Rc1
a6 28. Rb3 Rac8 29. Kf1 Rxc1+ 30. Bxc1 Rc8 31. Bd2 $11 Re8 32. Ra3 a5 33. Rb3
Kf7 34. Rb5 Ke6 35. a4 Rc8 36. b4 $11 axb4 37. Bxb4 Rc4 38. Bd2 Rxa4 39. g3
Rxd4 40. Be3 Rd1+ 41. Kg2 Nxe3+ 42. fxe3 Rd6 43. Kf3 Kd7 44. e4 Kc6 45. Rb2
Rd3+ 0-1

[Event "Mistrzostwa Polski Niewidomych"]
[Site "Warszawa"]
[Date "2013.04.30"]
[Round "9"]
[White "Falkowski, Dawid"]
[Black "Zoltek, Tadeusz"]
[Result "1-0"]
[WhiteElo "1993"]
[BlackElo "2183"]
[PlyCount "45"]
[EventDate "2013.04.22"]
[EventType "tourn"]
[EventRounds "1"]
[EventCountry "POL"]
[SourceDate "2013.04.22"]

1. e4 e6 2. d4 d5 3. Nc3 Nf6 4. e5 Nfd7 5. f4 c5 6. Nf3 Nc6 7. Be3 Qb6 8. Qd2
Qxb2 9. Rb1 Qa3 10. Be2 a6 11. f5 cxd4 12. fxe6 fxe6 13. Nxd4 Ndxe5 14. Nb3 Bd7
15. Bb6 Bb4 16. O-O Bxc3 17. Qxc3 Qb4 18. Qe3 Qe4 19. Qf2 Nd8 20. Rbe1 Ndf7 21.
Bh5 Qf5 22. Qxf5 exf5 23. Rxe5+ 1-0

[Event "Mistrzostwa Polski Niewidomych"]
[Site "Warszawa"]
[Date "2013.04.30"]
[Round "9"]
[White "Dukaczewski, Piotr"]
[Black "Suder, Ryszard"]
[Result "1/2-1/2"]
[WhiteElo "2251"]
[BlackElo "2133"]
[PlyCount "66"]
[EventDate "2013.04.22"]
[EventType "tourn"]
[EventRounds "1"]
[EventCountry "POL"]
[SourceDate "2013.04.22"]

1. e4 d6 2. d4 Nf6 3. Nc3 g6 4. f4 Bg7 5. Nf3 O-O 6. Bd3 Na6 7. O-O c5 8. d5
Bg4 9. Bc4 Nc7 10. h3 Bxf3 11. Qxf3 e6 12. dxe6 fxe6 13. Be3 b6 14. Rad1 Qe7
15. Bf2 Nh5 16. f5 Bxc3 17. bxc3 b5 18. e5 dxe5 19. Qc6 bxc4 20. Rd7 Qg5 21.
Qxc7 Rxf5 22. h4 Qg4 23. Rb1 Raf8 24. Bxc5 Qe2 25. Rd8 Nf4 26. Rxf8+ Rxf8 27.
Qc6 e4 28. Bf2 Nh3+ 29. Kh2 Nxf2 30. Qxe6+ Kh8 31. Qe5+ Kg8 32. Qe6+ Kh8 33.
Qe5+ Kg8 1/2-1/2

[Event "Mistrzostwa Polski Niewidomych"]
[Site "Warszawa"]
[Date "2013.04.30"]
[Round "9"]
[White "Sargalski, Andrzej"]
[Black "Mackowiak, Marek"]
[Result "0-1"]
[WhiteElo "1907"]
[BlackElo "2176"]
[Annotator "Admin"]
[PlyCount "154"]
[EventDate "2013.04.22"]
[EventType "tourn"]
[EventRounds "1"]
[EventCountry "POL"]
[SourceDate "2013.04.22"]

1. e4 e5 2. Nf3 Nc6 3. Bc4 Bc5 4. O-O Nf6 5. d3 d6 6. h3 Na5 7. Bb3 Nxb3 8.
axb3 c6 9. Nc3 b5 10. Re1 Qb6 11. Be3 O-O 12. Bxc5 Qxc5 13. d4 exd4 14. Qxd4
Qxd4 15. Nxd4 Bb7 16. Nf5 Rfd8 17. Rad1 Ne8 18. f3 g6 19. Ne3 a6 20. Rd2 f6 21.
Red1 Kf7 22. Kf2 Ke7 23. h4 Ng7 24. g3 Bc8 25. Ne2 Ra7 26. b4 Rc7 27. c3 Bb7
28. Nf4 Rdd7 29. g4 Ne6 30. Nxe6 Kxe6 31. Nc2 c5 32. bxc5 dxc5 33. Ke3 Rxd2 34.
Rxd2 a5 35. Kf4 b4 36. g5 fxg5+ 37. hxg5 Bc6 38. Ne3 a4 39. cxb4 cxb4 40. Nc2
b3 41. Na3 Bd7 42. Rd1 Be8 43. Rh1 Rd7 44. Ke3 Rc7 45. Kf4 Bc6 46. Rc1 Rf7+ 47.
Ke3 Be8 48. Rc8 Re7 49. Rc1 Rb7 50. Rh1 Re7 51. Rd1 Kf7 52. Rh1 Kg7 53. Kf4 Rc7
54. Ke3 Rd7 55. Nc4 Rd8 56. Na3 Rc8 57. Kd4 Rc7 58. Nc4 Rd7+ 59. Ke3 Ra7 60.
Na3 Bf7 61. Nb1 Bc4 62. Na3 Ba6 63. Rd1 h6 64. gxh6+ Kxh6 65. Rd4 Bc8 66. f4
Kg7 67. Nb5 Ra5 68. Rb4 Be6 69. Na3 Bf7 70. Kd4 Ra8 71. e5 Rd8+ 72. Ke3 Be8 73.
Rd4 Ra8 74. Rb4 Kf7 75. Nc4 Bc6 76. Kd4 Ke6 77. Nd6 Rh8 $138 0-1

[Event "Mistrzostwa Polski Niewidomych"]
[Site "Warszawa"]
[Date "2013.05.01"]
[Round "10"]
[White "Migala, Andrzej"]
[Black "Mackowiak, Marek"]
[Result "1/2-1/2"]
[WhiteElo "2063"]
[BlackElo "2176"]
[Annotator "Admin"]
[PlyCount "61"]
[EventDate "2013.04.22"]
[EventType "tourn"]
[EventRounds "1"]
[EventCountry "POL"]
[SourceDate "2013.04.22"]

1. e4 d6 2. d4 g6 3. Nc3 Bg7 4. Be3 Nf6 5. h3 c6 6. Nf3 Qa5 7. Bd3 Nbd7 8. O-O
O-O 9. Nd2 b5 10. a3 e5 11. Nb3 Qc7 12. dxe5 dxe5 13. Qe2 a6 14. Nc5 Re8 15. f3
Nxc5 16. Bxc5 Nd7 17. Be3 c5 18. Nd5 Qc6 19. c4 Rb8 20. Rfc1 Bf8 21. Qf2 Qd6
22. b3 Bb7 23. Ra2 Bxd5 24. cxd5 Rec8 25. Qd2 Nb6 26. Qe2 Rc7 27. Rac2 c4 28.
bxc4 Nxc4 29. Bxc4 bxc4 30. Rxc4 Rxc4 31. Qxc4 $11 1/2-1/2

[Event "Mistrzostwa Polski Niewidomych"]
[Site "Warszawa"]
[Date "2013.05.01"]
[Round "10"]
[White "Suder, Ryszard"]
[Black "Sargalski, Andrzej"]
[Result "1/2-1/2"]
[WhiteElo "2133"]
[BlackElo "1907"]
[Annotator "Admin"]
[PlyCount "66"]
[EventDate "2013.04.22"]
[EventType "tourn"]
[EventRounds "1"]
[EventCountry "POL"]
[SourceDate "2013.04.22"]

1. Nf3 Nf6 2. d4 d5 3. c4 c6 4. Nc3 e6 5. Bg5 Be7 6. e3 Nbd7 7. Qc2 h6 8. Bh4
Qa5 9. Be2 c5 10. cxd5 Nxd5 11. Bxe7 Kxe7 12. O-O Nxc3 13. bxc3 Qc7 14. Qb2 b6
15. c4 cxd4 16. exd4 Re8 17. Rac1 Kf8 18. c5 Rd8 19. c6 Nf6 20. Ne5 Nd5 21. Bf3
Rd6 22. Qa3 Kg8 23. Rfe1 Ne7 24. Qc3 f6 25. Nc4 Nd5 26. Qd3 Rxc6 27. Bxd5 exd5
28. Re8+ Kf7 29. Rce1 Re6 30. R8xe6 Bxe6 31. Qe2 Re8 32. Qh5+ Kf8 33. Ne3 Qc3
$11 1/2-1/2

[Event "Mistrzostwa Polski Niewidomych"]
[Site "Warszawa"]
[Date "2013.05.01"]
[Round "10"]
[White "Zoltek, Tadeusz"]
[Black "Dukaczewski, Piotr"]
[Result "1/2-1/2"]
[WhiteElo "2183"]
[BlackElo "2251"]
[Annotator "Admin"]
[PlyCount "155"]
[EventDate "2013.04.22"]
[EventType "tourn"]
[EventRounds "1"]
[EventCountry "POL"]
[SourceDate "2013.04.22"]

1. c4 e5 2. Nc3 Nc6 3. g3 g6 4. Bg2 Bg7 5. d3 d6 6. e3 Be6 7. Nge2 Qd7 8. h3
Nge7 9. Nd5 Nc8 10. O-O Nd8 11. Kh2 c6 12. Ndc3 O-O 13. e4 Ne7 14. Be3 f5 15.
f3 Nf7 16. Qd2 h6 17. b3 g5 18. g4 f4 19. Bf2 Rfd8 20. d4 exd4 21. Nxd4 c5 22.
Nf5 Bxf5 23. exf5 Bxc3 24. Qxc3 Nc6 25. Rfd1 Qe7 26. Bf1 Nce5 27. Kg2 b6 28.
Bd3 Qf6 29. Be4 Nxg4 30. Qxf6 Nxf6 31. Bxa8 Rxa8 32. Re1 Ne5 33. Rad1 Ne8 34.
h4 Kf7 35. hxg5 hxg5 36. Rh1 Kf6 37. Rh8 Nf7 38. Rh7 Ng7 39. Rd5 Rf8 40. Be1
Nxf5 41. Kg1 Kg6 42. Rh2 Re8 43. Bd2 Re6 44. Rg2 Nh4 45. Rf2 Ne5 46. Kf1 Nexf3
47. Rd3 Ne5 48. Rh3 f3 49. Rg3 g4 50. Rh2 Nf5 51. Rg1 Re7 52. Bf4 Nd4 53. Bxe5
dxe5 54. Rxg4+ Kf5 55. Rhh4 Ne6 56. Kf2 Ng5 57. Ke3 Rf7 58. Rg1 Kg6 59. Rhg4
Rf5 60. Kf2 Kf6 61. Ke3 e4 62. Rf1 Ke5 63. Rf2 Kf6 64. Rxe4 Nxe4 65. Kxe4 Ke6
66. Rxf3 Rxf3 67. Kxf3 Kf5 68. Ke3 Ke5 69. Kd3 Kf4 70. Kd2 Ke4 71. Kc2 Kd4 72.
Kd2 a6 73. Kc2 b5 74. cxb5 axb5 75. a4 bxa4 76. bxa4 Kc4 77. a5 Kb5 78. Kc3 $11
1/2-1/2

[Event "Mistrzostwa Polski Niewidomych"]
[Site "Warszawa"]
[Date "2013.05.01"]
[Round "10"]
[White "Stachanczyk, Jacek"]
[Black "Falkowski, Dawid"]
[Result "1/2-1/2"]
[WhiteElo "2241"]
[BlackElo "1993"]
[Annotator "Admin"]
[PlyCount "60"]
[EventDate "2013.04.22"]
[EventType "tourn"]
[EventRounds "1"]
[EventCountry "POL"]
[SourceDate "2013.04.22"]

1. e4 d5 2. exd5 Qxd5 3. Nc3 Qd6 4. g3 Nf6 5. Bg2 c6 6. d4 Bf5 7. Nge2 e6 8.
O-O Nbd7 9. Bf4 Qb4 10. a3 Qb6 11. b3 Be7 12. Na4 Qd8 13. Nac3 Qb6 14. Na4 Qd8
15. c4 O-O 16. Nac3 Qa5 17. Qc1 Rac8 18. Qb2 Rfe8 19. b4 Qa6 20. c5 Nd5 21.
Nxd5 exd5 22. Be5 Nf6 23. Nc3 Bd3 24. Rfe1 Ng4 25. Bh3 Bf5 26. Bf1 Bd3 27. Bh3
Bf5 28. Qe2 Qxe2 29. Rxe2 Nxe5 30. Bxf5 Nf3+ $11 1/2-1/2

[Event "Mistrzostwa Polski Niewidomych"]
[Site "Warszawa"]
[Date "2013.05.01"]
[Round "10"]
[White "Wojcieszyn, Zdzislaw"]
[Black "Pawelec, Bartosz"]
[Result "1/2-1/2"]
[WhiteElo "1995"]
[BlackElo "2023"]
[PlyCount "95"]
[EventDate "2013.04.22"]
[EventType "tourn"]
[EventRounds "1"]
[EventCountry "POL"]
[SourceDate "2013.04.22"]

1. Nf3 d5 2. d4 Nf6 3. c4 c6 4. cxd5 cxd5 5. Nc3 g6 6. Bf4 Nc6 7. e3 a6 8. h3
b5 9. Rc1 Bb7 10. Qb3 Na5 11. Qd1 Bg7 12. Na4 Nc4 13. Bxc4 dxc4 14. Nc5 Qa5+
15. Qd2 Qxd2+ 16. Kxd2 Ne4+ 17. Nxe4 Bxe4 18. b3 Bd5 19. bxc4 Bxc4 20. a4 O-O
21. axb5 axb5 22. Ra1 f6 23. Bc7 Rfc8 24. Bb6 e6 25. Bc5 e5 26. Rhc1 f5 27.
Rxa8 Rxa8 28. dxe5 Bd5 29. Bd6 Rd8 30. Rc5 Bxf3 31. gxf3 Bxe5 32. Rxe5 Rxd6+
33. Kc3 Rc6+ 34. Kd2 b4 35. Rb5 Rc4 36. f4 Kf7 37. Rb7+ Kg8 38. h4 Kh8 39. Ke2
h5 40. Kd3 Rc3+ 41. Kd4 Rc2 42. Ke5 Rxf2 43. Kf6 Rg2 44. Rxb4 Kh7 45. Rb7+ Kh6
46. Rb8 Kh7 47. Rb7+ Kh6 48. Rb8 1/2-1/2

[Event "Mistrzostwa Polski Niewidomych"]
[Site "Warszawa"]
[Date "2013.05.01"]
[Round "10"]
[White "Gunajew, Rafal"]
[Black "Kulpinski, Piotr"]
[Result "1-0"]
[WhiteElo "2280"]
[BlackElo "2004"]
[Annotator "Admin"]
[PlyCount "72"]
[EventDate "2013.04.22"]
[EventType "tourn"]
[EventRounds "1"]
[EventCountry "POL"]
[SourceDate "2013.04.22"]

1. e4 c6 2. Nc3 d5 3. Qe2 d4 4. Nd1 e5 5. g3 Nf6 6. Bg2 Bg4 7. f3 Bh5 8. h4 h6
9. g4 Bg6 10. d3 Nfd7 11. f4 f6 12. Nf3 Na6 13. Bh3 Qc7 14. g5 O-O-O 15. h5
hxg5 16. hxg6 g4 17. Nxd4 exd4 18. Qxg4 Kb8 19. a3 Bd6 20. Bd2 Rh6 21. Nf2 Rdh8
22. O-O-O Nf8 23. e5 Be7 24. exf6 Bxf6 25. f5 Rh4 26. Qf3 Nc5 27. Ng4 Qd8 28.
Bf4+ Ka8 29. Nxf6 Qxf6 30. Qg3 Rxf4 31. Qxf4 Nxg6 32. Qf2 Na6 33. Qg3 Ne7 34.
Rde1 Nd5 35. Re6 Qd8 36. Qxg7 Rg8 $138 1-0

[Event "Mistrzostwa Polski Niewidomych"]
[Site "Warszawa"]
[Date "2013.05.02"]
[Round "11"]
[White "Kulpinski, Piotr"]
[Black "Migala, Andrzej"]
[Result "0-1"]
[WhiteElo "2004"]
[BlackElo "2063"]
[PlyCount "22"]
[EventDate "2013.04.22"]
[EventType "tourn"]
[EventRounds "1"]
[EventCountry "POL"]
[SourceDate "2013.04.22"]

1. d4 Nf6 2. c4 e5 3. d5 Bc5 4. Nc3 O-O 5. Bg5 Bxf2+ 6. Kxf2 Ng4+ 7. Ke1 Qxg5
8. Nf3 Qe3 9. Qd2 Qf2+ 10. Kd1 Ne3+ 11. Kc1 Nxf1 0-1

[Event "Mistrzostwa Polski Niewidomych"]
[Site "Warszawa"]
[Date "2013.05.02"]
[Round "11"]
[White "Pawelec, Bartosz"]
[Black "Gunajew, Rafal"]
[Result "0-1"]
[WhiteElo "2023"]
[BlackElo "2280"]
[Annotator "Admin"]
[PlyCount "84"]
[EventDate "2013.04.22"]
[EventType "tourn"]
[EventRounds "1"]
[EventCountry "POL"]
[SourceDate "2013.04.22"]

1. e4 c5 2. c3 Nf6 3. e5 Nd5 4. d4 cxd4 5. cxd4 Nc6 6. Nc3 Nxc3 7. bxc3 d5 8.
Bd3 g6 9. h4 h5 10. Ne2 Bg4 11. f3 Be6 12. Nf4 Qd7 13. Qc2 Rc8 14. Bxg6 Nxd4
15. Qd3 Nc6 16. Bxh5 Nxe5 17. Qe3 Bg7 18. O-O Rc4 19. g4 Nxg4 20. Qxe6 Qxe6 21.
Nxe6 Bxc3 22. fxg4 Bxa1 23. Ng5 Bf6 24. Bxf7+ Kd7 25. Be6+ Kd6 26. Ba3+ Kc6 27.
Rd1 Bd4+ 28. Kf1 Rxh4 29. Nf3 Rh1+ 30. Ke2 Rxd1 31. Kxd1 Bg7 32. Nd2 Ra4 33.
Nb1 Rd4+ 34. Nd2 Bh6 35. Bc1 Kd6 36. Bc8 e6 37. Bxb7 Rxg4 38. Kc2 Rg2 39. Kd3
e5 40. Bc8 e4+ 41. Kc3 Bxd2+ 42. Bxd2 d4+ 0-1

[Event "Mistrzostwa Polski Niewidomych"]
[Site "Warszawa"]
[Date "2013.05.02"]
[Round "11"]
[White "Falkowski, Dawid"]
[Black "Wojcieszyn, Zdzislaw"]
[Result "1-0"]
[WhiteElo "1993"]
[BlackElo "1995"]
[PlyCount "33"]
[EventDate "2013.04.22"]
[EventType "tourn"]
[EventRounds "1"]
[EventCountry "POL"]
[SourceDate "2013.04.22"]

1. e4 c5 2. Nf3 Nc6 3. d4 cxd4 4. Nxd4 Nf6 5. Nc3 e6 6. Nxc6 bxc6 7. e5 Nd5 8.
Ne4 Qc7 9. f4 Qb6 10. c4 Bb4+ 11. Ke2 f5 12. exf6 Nxf6 13. Be3 Qa5 14. Nxf6+
gxf6 15. Kf2 Bc5 16. Qh5+ Kd8 17. Qxc5 1-0

[Event "Mistrzostwa Polski Niewidomych"]
[Site "Warszawa"]
[Date "2013.05.02"]
[Round "11"]
[White "Sargalski, Andrzej"]
[Black "Zoltek, Tadeusz"]
[Result "0-1"]
[WhiteElo "1907"]
[BlackElo "2183"]
[Annotator "Admin"]
[PlyCount "116"]
[EventDate "2013.04.22"]
[EventType "tourn"]
[EventRounds "1"]
[EventCountry "POL"]
[SourceDate "2013.04.22"]

1. e4 Nf6 2. e5 Nd5 3. c4 Nb6 4. d4 d6 5. exd6 cxd6 6. b3 g6 7. Bb2 Bg7 8. Nf3
O-O 9. g3 Bg4 10. Bg2 Nc6 11. O-O d5 12. c5 Nc8 13. h3 Bxf3 14. Bxf3 e6 15. Qd3
Qf6 16. Rd1 N8e7 17. Na3 Nb4 18. Qc3 Nec6 19. Bg2 Qf5 20. Qf3 Qxf3 21. Bxf3 a6
22. Bc3 Rfc8 23. Rd2 Rab8 24. Rad1 b6 25. cxb6 Rxb6 26. Nb1 Ne7 27. g4 Nbc6 28.
Kg2 Na7 29. Be2 Nec6 30. Bb2 Nb8 31. Nc3 $11 Rbc6 32. Na4 Bh6 33. Rd3 Rc2 34.
Kf1 Nb5 35. Rf3 Bc1 36. Bxc1 Rxc1 37. Kg2 Rxd1 38. Bxd1 Nxd4 39. Rd3 Nb5 40.
Kf1 Nd7 41. Rd2 Kf8 42. Be2 Ke7 43. Nb2 Rc1+ 44. Kg2 Nc5 45. Nd3 Nxd3 46. Bxd3
h6 47. b4 Nc7 48. Rb2 Rc3 49. Be2 Ra3 50. f3 Kd6 51. Kf2 Nb5 52. Bd1 Nd4 53.
Rd2 e5 54. Kg2 g5 55. Kf2 f6 56. Kg2 Kc6 57. Kf2 Kb5 58. Bb3 Nxb3 0-1

[Event "Mistrzostwa Polski Niewidomych"]
[Site "Warszawa"]
[Date "2013.05.02"]
[Round "11"]
[White "Mackowiak, Marek"]
[Black "Suder, Ryszard"]
[Result "1-0"]
[WhiteElo "2176"]
[BlackElo "2133"]
[PlyCount "127"]
[EventDate "2013.04.22"]
[EventType "tourn"]
[EventRounds "1"]
[EventCountry "POL"]
[SourceDate "2013.04.22"]

1. c4 Nf6 2. Nc3 d5 3. cxd5 Nxd5 4. d4 g6 5. e4 Nxc3 6. bxc3 Bg7 7. Nf3 O-O 8.
Be2 c5 9. O-O b6 10. Be3 Bb7 11. dxc5 bxc5 12. Qxd8 Rxd8 13. Bxc5 Bxe4 14. Bxe7
Re8 15. Bd6 Bd5 16. Bb5 Rd8 17. Be5 Bxf3 18. Bxg7 Bxg2 19. Kxg2 Kxg7 20. Rfe1
Nd7 21. Re7 Nb6 22. Rb7 Rdb8 23. Rxb8 Rxb8 24. c4 Rc8 25. Rc1 Rc5 26. Kf3 Kf6
27. Ke4 Ke6 28. Kd4 Kd6 29. Rc3 Na8 30. Rf3 f5 31. Rh3 Rc7 32. Ra3 Nb6 33. Ra6
Ke7 34. c5 Nd7 35. Bxd7 Kxd7 36. Kd5 Ke7 37. c6 Kd8 38. Kd6 Rf7 39. Ra4 Rf6+
40. Kc5 Rf7 41. f4 Kc8 42. Kd5 Kd8 43. Ra3 Kc8 44. h4 Kd8 45. Ke6 Re7+ 46. Kd6
Rf7 47. Re3 Rf6+ 48. Re6 Rf7 49. a4 Rf8 50. a5 Rf7 51. a6 Rf8 52. Re1 Rf6+ 53.
Kc5 h6 54. Rb1 g5 55. hxg5 hxg5 56. fxg5 Rg6 57. Rb8+ Kc7 58. Rb7+ Kc8 59. Rxa7
f4 60. Rf7 Kb8 61. Kb6 Rg8 62. Rb7+ Ka8 63. Ra7+ Kb8 64. c7+ 1-0